Movies Quiz

Random Movies or Box Office Quiz

Highest Grossing Movies (2015) Quiz Stats

 Plays Quiz Updated Mar 7, 2016

Challenge
Share
Tweet
Score 0/30 Timer 08:00
12 Plays Today
% Correct
Minions
95.3%
The Martian
91.4%
Inside Out
89.4%
Jurassic World
89.2%
The Hunger Games: Mockingjay Part 2
89%
Star Wars: Episode VII - The Force Awakens
88.5%
Ant-Man
87.1%
Furious 7
85.3%
Pitch Perfect 2
83.9%
Avengers: Age of Ultron
83.2%
The Revenant
82.7%
Cinderella
80.9%
Mad Max: Fury Road
79.3%
Straight Outta Compton
77.4%
Creed
69.6%
% Correct
Hotel Transylvania 2
69.6%
Fifty Shades of Grey
68.9%
Spectre
68.2%
The Peanuts Movie
67.8%
Mission Impossible: Rogue Nation
64.2%
The Good Dinosaur
63.6%
The Divergent Series: Insurgent
61.4%
Kingsman: The Secret Service
59.8%
The SpongeBob Movie: Sponge Out of Water
55.8%
San Andreas
54%
Trainwreck
52.3%
Home
51.3%
Spy
50.5%
Tomorrowland
46.3%
Daddy's Home
39%

You're not logged in!

Compare scores with friends on all Sporcle quizzes.
OR
Log In

You Might Also Like...

Show Comments

Extras

Top Quizzes Today


Score Distribution

Your Account Isn't Verified!

In order to create a playlist on Sporcle, you need to verify the email address you used during registration. Go to your Sporcle Settings to finish the process.

Report this User

Report this user for behavior that violates our Community Guidelines.

Details: